| 000 | 01285nam a22002777a 4500 | ||
|---|---|---|---|
| 999 |
_c64242 _d64242 |
||
| 005 | 20240530110721.0 | ||
| 008 | 180326s2016 ua bch g b 000 0dara d | ||
| 017 |
_a2012/5456 _bمصر. دار الكتب |
||
| 020 | _a9789772160044 | ||
| 040 |
_aEG-CaGPL _cEG-CaGPL |
||
| 082 | 0 | 4 |
_221 _a942 / _bج ش |
| 100 | 1 | _aجيمس، لورانس | |
| 245 | 1 | 0 |
_aشروق الامبراطورية البريطانية وغروبها / _cتاليف لورانس جيمس ؛ ترجمة وتقديم عبدالله عبدالرازق ابراهيم ؛ مراجعة شوقى عطا الله الجمل |
| 250 | _aط.1 | ||
| 260 |
_aالقاهرة : _bالمركز القومى للترجمة ، _c2017. |
||
| 300 |
_a2 مج. : _bايض _c24 سم. |
||
| 490 |
_aالمركز القومى للترجمة ؛ _v2149 (ج1). |
||
| 490 |
_aالمركز القومى للترجمة ؛ _v2564 (ج2). |
||
| 650 | 0 | 7 |
_2qrmak _aالاستعمار البريطانى |
| 650 | 0 | 7 |
_2qrmak _aبريطانيا _xعلاقات خارجية |
| 651 | 0 | 7 |
_2qrmak _aبريطانيا _xتاريخ |
| 700 | 0 |
_aعبدالله عبدالرازق ابراهيم _eمترجم ومقدم |
|
| 700 | 0 |
_aشوقى عطا الله الجمل _eمراجع |
|
| 942 |
_2ddc _cBK |
||